| 000 -LEADER |
| fixed length control field |
00818nam a22001577a 4500 |
| 003 - CONTROL NUMBER IDENTIFIER |
| control field |
OSt |
| 005 - DATE AND TIME OF LATEST TRANSACTION |
| control field |
20150916103534.0 |
| 008 - FIXED-LENGTH DATA ELEMENTS--GENERAL INFORMATION |
| fixed length control field |
150916b xxu||||| |||| 00| 0 eng d |
| 040 ## - CATALOGING SOURCE |
| Transcribing agency |
RUA |
| 082 ## - DEWEY DECIMAL CLASSIFICATION NUMBER |
| Classification number |
AGR KUN 2003 B028 Or.1 |
| 100 ## - MAIN ENTRY--PERSONAL NAME |
| 9 (RLIN) |
573 |
| Personal name |
KUN, KIMSAN. |
| 245 ## - TITLE STATEMENT |
| Title |
Impact of ecological agriculture extension program on the application of chemical and natural fertilizers in tram kok district takeo province ឥទ្ធិពលនៃការផ្សព្វផ្សាយកសិកម្មតាមគោលការណ៍ធម្មជាតិលើការប្រើប្រាស់ជីគីមីនិងធម្មជាតិនៅស្រុកត្រាំកក់ ខេត្ដតាកែវ |
| 260 ## - PUBLICATION, DISTRIBUTION, ETC. (IMPRINT) |
| Place of publication, distribution, etc. |
Phnom Penh |
| Name of publisher, distributor, etc. |
RUA |
| Date of publication, distribution, etc. |
2003 |
| 300 ## - PHYSICAL DESCRIPTION |
| Extent |
37p. |
| Other physical details |
ill. |
| Dimensions |
29cm. |
| 942 ## - ADDED ENTRY ELEMENTS (KOHA) |
| Source of classification or shelving scheme |
|
| Koha item type |
AGR |